[Event "Drop-out Tournament - R1, Game 01"]
[Site "SchemingMind.com"]
[Date "2004.01.26"]
[Round "1"]
[White "Gary"]
[Black "Pumpernickle"]
[Result "1-0"]
[WhiteCountry "ENG"]
[BlackCountry "GBR"]
[WhiteElo "1615"]
[WhiteRD "74"]
[BlackElo "1366"]
[BlackRD "171"]
[GameID "876"]

1. e4 Nf6 2. e5 Nd5 3. c4 Nf4 4. d4 Ne6 5. Nf3 g5 6. Nxg5 Nxg5 7. Bxg5 h6 8. Bf4 e6 9. Bd3 d5 10. cxd5 exd5
11. O-O h5 12. Nc3 Bh6 13. Qxh5 Kf8 14. Bxh6+ Ke7 15. Bg5+ f6 16. Bxf6+ Kf8 17. Qxh8+ Kf7 18. Qxd8 Nc6 19. Qxd5+ Be6 20. Qe4 Rd8
21. Qg6+ Kf8 22. Qg7+ Ke8 23. Bg6+ Bf7 24. Qxf7#
1-0

[Event "Drop-out Tournament - R1, Game 02"]
[Site "SchemingMind.com"]
[Date "2004.01.27"]
[Round "1"]
[White "Pumpernickle"]
[Black "roscoe"]
[Result "0-1"]
[WhiteCountry "GBR"]
[BlackCountry "USA"]
[WhiteElo "1212"]
[WhiteRD "152"]
[BlackElo "1431"]
[BlackRD "111"]
[GameID "877"]

1. e3 Nf6 2. Nc3 g6 3. Nf3 Bg7 4. d4 d5 5. Bb5+ c6 6. Ba4 O-O 7. O-O b5 8. Bb3 b4 9. Na4 Ba6 10. Re1 e6
11. Qd2 Qa5 12. c3 Ne4 13. cxb4 Nxd2 14. Bxd2 Nd7 15. bxa5 Rac8 16. Bb4 Rfe8 17. Rec1 e5 18. Bc3 c5 19. Bxd5 e4 20. Ng5 Re7
0-1

[Event "Drop-out Tournament - R1, Game 03"]
[Site "SchemingMind.com"]
[Date "2004.01.27"]
[Round "1"]
[White "roscoe"]
[Black "Brian Frew"]
[Result "0-1"]
[WhiteCountry "USA"]
[BlackCountry "GBR"]
[WhiteElo "1273"]
[WhiteRD "121"]
[BlackElo "1797"]
[BlackRD "200"]
[GameID "878"]

1. Nf3 Nf6 2. g3 d5 3. d4 c5 4. Nbd2 cxd4 5. Bg2 Nc6 6. c3 dxc3 7. bxc3 e5 8. O-O Be7 9. Bb2 O-O 10. Re1 Re8
11. e4 Bg4 12. Qb3 dxe4 13. Nxe4 Qc7 14. Rad1 Rad8 15. Neg5 Bh5 16. Nxf7 Bxf7 17. Qc2 Rxd1 18. Rxd1 Bc5 19. Ng5 Bg6 20. Ne4 Nxe4
21. Bxe4 Bxe4 22. Qxe4 Qf7 23. Rd2 Rf8 24. Qg2 Qxa2 25. Bc1 Qc4 26. h4 e4 27. Rc2 Ne5 28. Kh2 Nf3+ 29. Kh3 Ne1
0-1

[Event "Drop-out Tournament - R1, Game 04"]
[Site "SchemingMind.com"]
[Date "2004.01.28"]
[Round "1"]
[White "Brian Frew"]
[Black "ohfreak"]
[Result "1-0"]
[WhiteCountry "GBR"]
[BlackCountry "USA"]
[WhiteElo "1722"]
[WhiteRD "181"]
[BlackElo "1241"]
[BlackRD "221"]
[GameID "879"]

1. Nf3 Nf6 2. d4 e6 3. Bg5 h6 4. Bh4 g5 5. Bg3 Bg7 6. h3 Ne4 7. Bh2 d6 8. Nbd2 Nxd2 9. Qxd2 Nc6 10. e4 d5
11. e5 f6 12. exf6 Bxf6 13. O-O-O Qe7 14. Bd3 Nxd4 15. Nxd4 O-O 16. Nb5 c6 17. Bd6 Qg7 18. Bxf8 Kxf8 19. Nc3
1-0

[Event "Drop-out Tournament - R1, Game 05"]
[Site "SchemingMind.com"]
[Date "2004.01.26"]
[Round "1"]
[White "ohfreak"]
[Black "loco61"]
[Result "0-1"]
[WhiteCountry "USA"]
[BlackCountry "ENG"]
[WhiteElo "1241"]
[WhiteRD "221"]
[BlackElo "1634"]
[BlackRD "85"]
[GameID "880"]

1. e4 e5 2. f4 Nc6 3. Nc3 Nf6 4. Nf3 d5 5. exd5 Nxd5 6. Nxd5 Qxd5 7. fxe5 Bg4 8. d4 O-O-O 9. c3 Bc5 10. Be2 Be7
11. O-O h6 12. b4 f6 13. Qa4 fxe5 14. Nxe5 Bxe2 15. Nxc6 Qxc6 16. Qxc6 bxc6 17. Re1 Bxb4 18. cxb4 Bb5 19. Bb2 Rhf8 20. Re7 g5
0-1

[Event "Drop-out Tournament - R1, Game 06"]
[Site "SchemingMind.com"]
[Date "2004.01.26"]
[Round "1"]
[White "loco61"]
[Black "Richard W"]
[Result "0-1"]
[WhiteCountry "ENG"]
[BlackCountry "ENG"]
[WhiteElo "1585"]
[WhiteRD "125"]
[BlackElo "1800"]
[BlackRD "159"]
[GameID "881"]

1. e4 e5 2. Nf3 Nc6 3. Bc4 Bc5 4. d3 h6 5. c3 Nf6 6. b4 Bxb4 7. cxb4 Nxb4 8. Nxe5 O-O 9. Ba3 c5 10. Nd2 d5
11. Bb3 dxe4 12. Nxe4 Qd4 13. Nxf6+ gxf6 14. Bxf7+ Rxf7 15. Nxf7 Nxd3+ 16. Kf1 Qxf2#
0-1

[Event "Drop-out Tournament - R1, Game 07"]
[Site "SchemingMind.com"]
[Date "2004.01.27"]
[Round "1"]
[White "Richard W"]
[Black "pinochet"]
[Result "1-0"]
[WhiteCountry "ENG"]
[BlackCountry "CHI"]
[WhiteElo "1800"]
[WhiteRD "159"]
[BlackElo "1707"]
[BlackRD "108"]
[GameID "882"]

1. d4 c5 2. dxc5 e6 3. Nf3 Bxc5 4. Nc3 Qb6 5. e3 Nc6 6. Bb5 Nf6 7. Bxc6 bxc6 8. O-O Ba6 9. Re1 O-O 10. Na4 Qb5
11. Nxc5 Qxc5 12. b3 Ng4 13. h3 Ne5 14. Nxe5 Qxe5 15. Qd4 Qxd4 16. exd4 d5 17. Ba3 Rfe8 18. c3 f6 19. Re3 e5 20. dxe5 fxe5
21. Rae1 e4 22. Bc5 g5 23. Rg3 h6 24. h4 Re5 25. hxg5 h5 26. f4 Rf5 27. Be3 Kg7 28. Rh3 Kg6 29. Rh4 Bb5 30. Kf2 Raf8
31. Reh1 Rxg5 32. a3 Rgf5 33. g4 hxg4 34. Rxg4+ Kf6 35. Rh6+ Ke7 36. Bc5+ Ke8 37. Bxf8 Kxf8 38. Rh7 Rf7 39. Rgh4 a5 40. a4 Bd3
41. Rxf7+ Kxf7 42. Rh6 c5 43. Rd6
1-0

[Event "Drop-out Tournament - R1, Game 08"]
[Site "SchemingMind.com"]
[Date "2004.01.26"]
[Round "1"]
[White "pinochet"]
[Black "Jim"]
[Result "1-0"]
[WhiteCountry "CHI"]
[BlackCountry "ENG"]
[WhiteElo "1707"]
[WhiteRD "108"]
[BlackElo "1464"]
[BlackRD "107"]
[GameID "883"]

1. e4 e5 2. Nc3 Bb4 3. a3 Bxc3 4. bxc3 Nc6 5. d4 Qh4 6. Qd3 Nh6 7. Nf3 Qf6 8. Bg5 Qd6 9. h3 b6 10. dxe5 Nxe5
11. Qxd6 cxd6 12. Rd1 Nxf3+ 13. gxf3 f6 14. Bxh6 gxh6 15. Rxd6 Ke7 16. e5 Rf8 17. f4 Bb7 18. Rg1 fxe5 19. fxe5 Rf5 20. Rxh6 Rxe5+
21. Be2 Rc8 22. Rg7+ Kd8 23. Rhxh7 Bf3 24. Rxd7+ Ke8 25. Rxa7 Rxe2+ 26. Kf1 Kd8 27. Rad7+ Ke8 28. Rd3 Be4 29. Rh8+ Ke7 30. Rxc8 Bxd3
31. cxd3 Rd2 32. d4 Kd7 33. Rc4 Rd3 34. Kg2 Kd6 35. h4
1-0

[Event "Drop-out Tournament - R1, Game 09"]
[Site "SchemingMind.com"]
[Date "2004.01.26"]
[Round "1"]
[White "Jim"]
[Black "Stephen"]
[Result "0-1"]
[WhiteCountry "ENG"]
[BlackCountry "ENG"]
[WhiteElo "1464"]
[WhiteRD "107"]
[BlackElo "1919"]
[BlackRD "108"]
[GameID "884"]

1. e4 c5 2. c3 d5 3. e5 Nc6 4. d4 cxd4 5. cxd4 Qb6 6. Nf3 Bg4 7. Be3 Qxb2 8. Nbd2 Bf5 9. a4 Bc2 10. Rb1 Bxb1
11. Qxb1 Qxb1+ 12. Nxb1 e6 13. Bb5 Bb4+ 14. Bd2 Bxd2+ 15. Nbxd2 Ne7 16. O-O O-O 17. g3 Rac8 18. Rb1 b6 19. Kg2 Rc7 20. Rc1 Rfc8
21. Rb1 Nb8 22. h4 g6 23. g4 Kg7 24. Kg3 Rc2 25. Bd3 Ra2 26. Bb5 Rc3 27. Rd1 Nbc6 28. Nb1 Rb3 29. Kg2 Ra1 30. Nbd2 Rxd1
31. Nxb3 Rb1 32. Nfd2 Rb2 33. f3 Nxd4 34. Nxd4 Rxd2+
0-1

[Event "Drop-out Tournament - R1, Game 10"]
[Site "SchemingMind.com"]
[Date "2004.01.26"]
[Round "1"]
[White "Stephen"]
[Black "Mitch The Man"]
[Result "1-0"]
[WhiteCountry "ENG"]
[BlackCountry "USA"]
[WhiteElo "1919"]
[WhiteRD "108"]
[BlackElo "1314"]
[BlackRD "229"]
[GameID "885"]

1. d4 b6 2. e4 Bb7 3. Bd3 Nf6 4. Qe2 a5 5. Bg5 h6 6. Bh4 g5 7. Bg3 d6 8. Nd2 Bg7 9. h3 h5 10. Ngf3 h4
11. Bh2 Bh6 12. c4 Na6 13. a3 Nd7 14. Nf1 e6 15. Ne3 Qe7 16. O-O O-O-O 17. c5 Nab8 18. cxd6 cxd6 19. Rfc1+ Nc6 20. d5 exd5
21. exd5 Nb8 22. Bf5+ Kc7 23. dxc6 Nxc6 24. Nd5+
1-0

[Event "Drop-out Tournament - R1, Game 11"]
[Site "SchemingMind.com"]
[Date "2004.01.27"]
[Round "1"]
[White "Mitch The Man"]
[Black "Barry"]
[Result "0-1"]
[WhiteCountry "USA"]
[BlackCountry "GBR"]
[WhiteElo "1314"]
[WhiteRD "229"]
[BlackElo "1770"]
[BlackRD "113"]
[GameID "886"]

1. e4 e5 2. Nf3 Nc6 3. c3 Nf6 4. Be2 Bc5 5. O-O Nxe4 6. d4 exd4 7. cxd4 Bd6 8. Bd3 Nf6 9. Re1+ Ne7 10. Bg5 Nd5
11. Bc4 Nb6 12. Bb3 O-O 13. Bd2 Nbd5 14. Na3 Bxa3 15. bxa3 Kh8 16. Bxd5 Nxd5 17. Ne5 d6 18. Nd3 Qf6 19. Be3 Nxe3 20. fxe3 b6
21. Rf1 Qg6 22. Nf4 Qe4 23. Qd2 Bb7 24. Rf2 h6 25. Nh5 Rae8 26. Re1 c5 27. Ng3 Qe6 28. dxc5 dxc5 29. e4 Qc6 30. h3 Kh7
31. Qc2 g6 32. Qc3 Bc8 33. Rf6 Re6 34. Rxe6 Bxe6 35. Qf6 Qd7 36. Kh2 Rd8 37. Re2 Qd4 38. Qxd4 Rxd4 39. Rc2 Ra4 40. Rc3 Bxa2
41. Re3 Rd4 42. e5 Be6 43. Ne4 c4 44. Nf6+ Kg7 45. Ne8+ Kf8 46. Nc7 Ke7 47. Nb5 Rd3 48. Rg3 Rxg3 49. Kxg3 Bd7 50. Nc3 Bc6
51. Kf2 Ke6 52. Ke3 Kxe5 53. g4 b5 54. Kf2 Kd4 55. Ne2+ Kd3 56. Nf4+ Kd2 57. Ne2 c3
0-1

[Event "Drop-out Tournament - R1, Game 12"]
[Site "SchemingMind.com"]
[Date "2004.01.26"]
[Round "1"]
[White "Barry"]
[Black "Mayaune"]
[Result "1-0"]
[WhiteCountry "GBR"]
[BlackCountry "FRA"]
[WhiteElo "1770"]
[WhiteRD "113"]
[BlackElo "1419"]
[BlackRD "135"]
[GameID "887"]

1. d4 d5 2. e3 c6 3. Nf3 Bg4 4. Be2 e6 5. O-O Bd6 6. Nbd2 Qc7 7. h3 Bxf3 8. Nxf3 Nf6 9. b3 Nbd7 10. Bb2 O-O-O
11. c4 h6 12. c5 Be7 13. a4 Ne4 14. b4 g5 15. Nd2 f5 16. Nxe4 dxe4 17. d5 e5 18. d6 Bxd6 19. Qxd6 Qxd6 20. cxd6 Nb6
21. Bxe5 Kd7 22. Bxh8
1-0

[Event "Drop-out Tournament - R1, Game 13"]
[Site "SchemingMind.com"]
[Date "2004.01.26"]
[Round "1"]
[White "Mayaune"]
[Black "spoke"]
[Result "0-1"]
[WhiteCountry "FRA"]
[BlackCountry "GER"]
[WhiteElo "1419"]
[WhiteRD "135"]
[BlackElo "1799"]
[BlackRD "92"]
[GameID "888"]

1. e4 e5 2. Nf3 Nc6 3. Bc4 Nf6 4. d3 Bc5 5. O-O d6 6. Bg5 h6 7. Bh4 g5 8. Bg3 Be6 9. Bxe6 fxe6 10. a3 a6
11. Nbd2 Qe7 12. b4 Ba7 13. c3 Kd7 14. Kh1 Rag8 15. a4 h5 16. h3 g4 17. Ng1 h4 18. Bh2 g3 19. b5 Nd8 20. Bxg3 hxg3
21. f3 Bxg1 22. Kxg1 a5 23. Nc4 b6 24. d4 exd4 25. Qxd4 e5 26. Qd3 Nh5 27. Rad1 Nf4 28. Qe3 Qe6 29. Nb2 Rxh3 30. Nd3 Rh1+
31. Kxh1 Qh6+
0-1

[Event "Drop-out Tournament - R1, Game 14"]
[Site "SchemingMind.com"]
[Date "2004.01.26"]
[Round "1"]
[White "spoke"]
[Black "Grimwade"]
[Result "0-1"]
[WhiteCountry "GER"]
[BlackCountry "SWE"]
[WhiteElo "1799"]
[WhiteRD "92"]
[BlackElo "1933"]
[BlackRD "157"]
[GameID "889"]

1. e4 c5 2. Nf3 Nc6 3. d4 cxd4 4. Nxd4 Nf6 5. Nc3 d6 6. Bg5 e6 7. Qd2 a6 8. O-O-O Bd7 9. f4 b5 10. Bxf6 gxf6
11. Kb1 Qb6 12. Nf5 exf5 13. Nd5 Qd8 14. exf5 Be7 15. g4 h5 16. Bg2 Rc8 17. Rhe1 hxg4 18. Nxe7 Nxe7 19. Qxd6 Rxh2 20. Qxf6 Kf8
21. Re2 Nxf5 22. Qxd8+ Rxd8 23. Red2 Rxg2
0-1

[Event "Drop-out Tournament - R1, Game 15"]
[Site "SchemingMind.com"]
[Date "2004.01.26"]
[Round "1"]
[White "Grimwade"]
[Black "Zepphire"]
[Result "1-0"]
[WhiteCountry "SWE"]
[BlackCountry "USA"]
[WhiteElo "1950"]
[WhiteRD "154"]
[BlackElo "1740"]
[BlackRD "128"]
[GameID "890"]

1. e4 g6 2. d4 Bg7 3. Nc3 d6 4. Be3 Nf6 5. Qd2 O-O 6. f3 a6 7. O-O-O b5 8. e5 Nfd7 9. exd6 cxd6 10. Bh6 Nc6
11. Bxg7 Kxg7 12. d5 Na5 13. Qd4+ f6 14. Re1 Ne5 15. f4 Nec4 16. Bd3 Bd7 17. b4
1-0

[Event "Drop-out Tournament - R1, Game 16"]
[Site "SchemingMind.com"]
[Date "2004.01.29"]
[Round "1"]
[White "Zepphire"]
[Black "surfnsuds"]
[Result "1-0"]
[WhiteCountry "USA"]
[BlackCountry "USA"]
[WhiteElo "1586"]
[WhiteRD "163"]
[BlackElo "1191"]
[BlackRD "125"]
[GameID "891"]

1. e4 e5 2. d4 exd4 3. Bc4 Nf6 4. Nf3 Nc6 5. O-O Nxe4 6. Re1 d5 7. Bxd5 Qxd5 8. Nc3 Qf5 9. Nxe4 Qg6 10. Nf6+ Kd8
11. Re8#
1-0

[Event "Drop-out Tournament - R1, Game 17"]
[Site "SchemingMind.com"]
[Date "2004.01.26"]
[Round "1"]
[White "surfnsuds"]
[Black "wonko"]
[Result "0-1"]
[WhiteCountry "USA"]
[BlackCountry "FIN"]
[WhiteElo "1153"]
[WhiteRD "119"]
[BlackElo "1817"]
[BlackRD "174"]
[GameID "892"]

1. e4 e5 2. d3 d6 3. Nc3 Nc6 4. Nf3 Nf6 5. d4 exd4 6. Nxd4 Bd7 7. Nxc6 Bxc6 8. e5 dxe5 9. Qe2 Bd6 10. Qe3 a6
11. Bd3 Qe7 12. O-O O-O 13. Ne4 Nxe4 14. Bxe4 Bc5 15. Qf3 Bxe4 16. Qxe4 c6 17. Qg4 f5 18. Qg3 f4 19. Qg4 Rf6 20. Re1 Rd8
21. a3 Rg6 22. Qh5 Bxf2+ 23. Kxf2 Qc5+ 24. Kf1 f3 25. Rxe5 Rd1+ 26. Re1 Rxe1+
0-1

[Event "Drop-out Tournament - R1, Game 18"]
[Site "SchemingMind.com"]
[Date "2004.01.30"]
[Round "1"]
[White "wonko"]
[Black "Geomy"]
[Result "1/2-1/2"]
[WhiteCountry "FIN"]
[BlackCountry "ENG"]
[WhiteElo "1825"]
[WhiteRD "154"]
[BlackElo "1726"]
[BlackRD "147"]
[GameID "893"]

1. e4 Nc6 2. d4 d6 3. Nf3 g6 4. h3 Bg7 5. c4 e5 6. d5 Nce7 7. Nc3 Bd7 8. Be3 Nf6 9. c5 O-O 10. g4 Ne8
11. Qb3 Qc8 12. O-O-O dxc5 13. Bg5 Qd8 14. Qxb7 Nd6 15. Qa6 Re8 16. Kb1 Qb8 17. Bxe7 Rxe7 18. g5 Qb6 19. Qe2 Rb8 20. Qc2 Ree8
21. Be2 Rb7 22. Nd2 Reb8 23. b3 a5 24. Ka1 Ra8 25. Bg4 Be8 26. Rb1 Qa7 27. h4 a4 28. bxa4 Bxa4 29. Nxa4 Rxb1+ 30. Rxb1 Qxa4
31. Qxa4 Rxa4 32. Rb8+ Bf8 33. f3 Kg7 34. Bd7 Rd4 35. Nf1 Rd1+ 36. Rb1 Rd3 37. Rb3=
1/2-1/2

[Event "Drop-out Tournament - R1, Game 19"]
[Site "SchemingMind.com"]
[Date "2004.01.29"]
[Round "1"]
[White "Geomy"]
[Black "Philip"]
[Result "1-0"]
[WhiteCountry "ENG"]
[BlackCountry "INT"]
[WhiteElo "1760"]
[WhiteRD "168"]
[BlackElo "1464"]
[BlackRD "73"]
[GameID "894"]

1. d4 d5 2. c4 c6 3. cxd5 Qxd5 4. Nc3 Qd8 5. Nf3 Nf6 6. h3 g6 7. e4 Bg7 8. Be3 O-O 9. Bd3 e6 10. O-O Ne8
11. Rc1 Nd7 12. Qd2 Nc7 13. Bh6 Re8 14. e5 f5 15. Bxg7 Kxg7 16. Qf4 c5 17. Rfd1 cxd4 18. Nxd4 Nb6 19. Bb5 Bd7 20. Bxd7 Qxd7
21. Nxf5+ exf5 22. Rxd7+ Nxd7 23. Re1 Ne6 24. Qb4 b6 25. f4 Ndc5 26. Re2 Red8 27. g3 Rd4 28. Qb5 Kh6 29. Qc6 Rd3 30. Qxa8 Rxg3+
31. Kh2 Rxh3+ 32. Kxh3 Nxf4+ 33. Kh4 Nxe2 34. Qf8#
1-0

[Event "Drop-out Tournament - R1, Game 20"]
[Site "SchemingMind.com"]
[Date "2004.01.26"]
[Round "1"]
[White "Philip"]
[Black "alanwo"]
[Result "0-1"]
[WhiteCountry "INT"]
[BlackCountry "ENG"]
[WhiteElo "1464"]
[WhiteRD "73"]
[BlackElo "1866"]
[BlackRD "167"]
[GameID "895"]

1. e4 e6 2. Nf3 d5 3. e5 c5 4. g3 Nc6 5. Bg2 Nge7 6. d3 Ng6 7. Qe2 Be7 8. c3 Bd7 9. h4 Qc7 10. Bf4 Nxf4
11. gxf4 a6 12. Nbd2 h6 13. Nb1 Qb6 14. Na3 Qc7 15. Nc2 Qa5 16. O-O Qc7 17. b3 O-O-O 18. d4 Rdg8 19. dxc5 Na7 20. b4 Bb5
21. Qe3 Bxf1 22. Bxf1 g5 23. fxg5 hxg5 24. hxg5 Qd8 25. Bg2 Bxg5 26. Nxg5 Qxg5 27. Qxg5 Rxg5 28. f4 Rf5 29. Rf1 Rh4 30. Nd4 Rfxf4
31. Bf3 Rh7 32. a4 Nc6 33. Ne2 Rf5 34. Nd4 Rxe5 35. b5 Nxd4 36. cxd4 Rf5 37. c6 axb5 38. cxb7+ Kxb7 39. axb5 Kb6 40. Be2 Rg7+
41. Kh2 Rxf1 42. Bxf1 Rg4 43. Be2 Rxd4 44. Kg3 Rc4 45. Bxc4 dxc4
0-1

[Event "Drop-out Tournament - R1, Game 21"]
[Site "SchemingMind.com"]
[Date "2004.01.26"]
[Round "1"]
[White "alanwo"]
[Black "Mel"]
[Result "1-0"]
[WhiteCountry "ENG"]
[BlackCountry "USA"]
[WhiteElo "1866"]
[WhiteRD "167"]
[BlackElo "1469"]
[BlackRD "98"]
[GameID "896"]

1. d4 d5 2. c4 Nc6 3. Nc3 Nf6 4. Nf3 e6 5. Bg5 Be7 6. h3 a6 7. e3 O-O 8. Be2 b6 9. O-O Qd6 10. Bf4 Qd7
11. Rc1 Bb4 12. Bh2 Re8 13. a3 Bxc3 14. Rxc3 Ne4 15. Rc1 f6 16. cxd5 exd5 17. Re1 Bb7 18. Bf1 g6 19. Be2 Qf5 20. Rf1 Re7
21. Nd2 Nxd2 22. Qxd2 h5 23. Qc2 Rh7 24. Qxf5 gxf5 25. Bd3 Ne7 26. Bxc7 Rc8 27. Bxb6 Rg7 28. Rxc8+ Bxc8 29. f4 Rg3 30. Kf2 h4
31. Rc1 Kf7 32. Rc7 Ke6 33. Bc5 Bd7 34. Bxe7 Bb5 35. Bc5 Bd7 36. Bxa6 Rg8 37. Bb5 Rg7 38. Bxd7+ Rxd7 39. Rxd7 Kxd7 40. a4 Kc7
41. a5 Kb7 42. g3
1-0

[Event "Drop-out Tournament - R1, Game 22"]
[Site "SchemingMind.com"]
[Date "2004.01.27"]
[Round "1"]
[White "Mel"]
[Black "Harold"]
[Result "1-0"]
[WhiteCountry "USA"]
[BlackCountry "GBR"]
[WhiteElo "1535"]
[WhiteRD "96"]
[BlackElo "1426"]
[BlackRD "100"]
[GameID "897"]

1. e4 e5 2. Nf3 Nc6 3. d4 exd4 4. Nxd4 Nxd4 5. Qxd4 Nf6 6. e5 Nh5 7. Be2 c5 8. Qe3 g6 9. Nc3 Be7 10. O-O d5
11. Nb5 a6 12. Nd6+ Bxd6 13. exd6+ Be6 14. Qxc5 O-O 15. b3 Rc8 16. Qa7 Rxc2 17. Bd3 Rc6 18. Ba3 Nf4 19. Qxb7 Qd7 20. Qxd7 Bxd7
21. Rad1 Rfc8 22. Rfe1 Rc3 23. Bxa6 Ra8 24. Re7 Rxa6 25. Bb2 Rc2 26. Rde1 Rxb2 27. Rxd7 Rbxa2 28. g3 Ra1 29. Kf1 Nd3 30. Rxa1 Rxa1+
31. Kg2 Ra6 32. Rd8+ Kg7 33. d7 Ne5 34. Rg8+ Kxg8 35. d8=Q+ Kg7 36. Qxd5 Re6 37. b4 Ng4 38. Qd4+ Ne5 39. f4
1-0

[Event "Drop-out Tournament - R1, Game 24"]
[Site "SchemingMind.com"]
[Date "2004.01.26"]
[Round "1"]
[White "leroipere"]
[Black "swayne"]
[Result "0-1"]
[WhiteCountry "FRA"]
[BlackCountry "ENG"]
[WhiteElo "1529"]
[WhiteRD "243"]
[BlackElo "1465"]
[BlackRD "82"]
[GameID "899"]

1. e4 e5 2. Nf3 Nc6 3. Bb5 Nf6 4. O-O Bc5 5. d3 h6 6. Bxc6 bxc6 7. Nxe5 O-O 8. Nc3 d6 9. Nxc6 Qd7 10. Na5 Ng4
11. d4 Bb4 12. Nc4 Ba6 13. Qd3 c6 14. a3 Bxc3 15. Qxc3 Rfe8 16. f3 Nf6 17. Rd1 d5
0-1

[Event "Drop-out Tournament - R1, Game 25"]
[Site "SchemingMind.com"]
[Date "2004.01.26"]
[Round "1"]
[White "swayne"]
[Black "Austin Lockwood"]
[Result "0-1"]
[WhiteCountry "ENG"]
[BlackCountry "ENG"]
[WhiteElo "1518"]
[WhiteRD "78"]
[BlackElo "1643"]
[BlackRD "72"]
[GameID "900"]

1. d4 Nc6 2. Nf3 d5 3. Bf4 e5 4. Nxe5 Nxe5 5. Bxe5 f6 6. Bf4 Bd6 7. e3 Bxf4 8. exf4 Qe7+ 9. Qe2 Be6 10. Nc3 O-O-O
11. O-O-O Nh6 12. Nb5 c6 13. f5 Nxf5 14. g4 Nd6 15. Nxa7+ Kb8 16. Nxc6+ bxc6 17. Rd3 Nc4 18. Bh3 h5 19. Re1 Rhe8 20. Rb3+ Ka7
21. Qd3 Qd6 22. Qc3 hxg4 23. Bf1 Qc7 24. Qb4 Bc8 25. Rd1 Qf4+ 26. Kb1 Nd2+ 27. Qxd2 Qxd2
0-1

[Event "Drop-out Tournament - R1, Game 26"]
[Site "SchemingMind.com"]
[Date "2004.01.26"]
[Round "1"]
[White "Austin Lockwood"]
[Black "dmichael"]
[Result "0-1"]
[WhiteCountry "ENG"]
[BlackCountry "USA"]
[WhiteElo "1668"]
[WhiteRD "71"]
[BlackElo "1881"]
[BlackRD "190"]
[GameID "901"]

1. e4 e6 2. d4 d5 3. Nc3 Nf6 4. Bg5 dxe4 5. Nxe4 Be7 6. Nxf6+ Bxf6 7. Bxf6 Qxf6 8. Bb5+ c6 9. Bc4 c5 10. Nf3 cxd4
11. Qxd4 Qxd4 12. Nxd4 Bd7 13. O-O Nc6 14. Nxc6 Bxc6 15. Rad1 Ke7 16. f3 Rhd8 17. Rxd8 Rxd8 18. Bd3 f5 19. g3 Kf6 20. h4 h6
21. Kg2 g5 22. hxg5+ hxg5 23. g4 fxg4 24. Be4 Rd2+ 25. Kg3 Bxe4 26. fxe4+ Kg6 27. Rc1 Re2 28. Kxg4 Rxe4+ 29. Kg3 e5 30. Rd1 Rd4
31. Rxd4 exd4 32. Kg4 b5 33. a3 a5 34. b3 Kf6 35. b4 axb4 36. axb4 Kg6 37. Kf3 Kf5 38. Kg3 g4 39. Kf2= Kf4 40. Ke2 g3
41. Kd3 g2
0-1

[Event "Drop-out Tournament - R1, Game 27"]
[Site "SchemingMind.com"]
[Date "2004.01.26"]
[Round "1"]
[White "dmichael"]
[Black "Gary"]
[Result "1-0"]
[WhiteCountry "USA"]
[BlackCountry "ENG"]
[WhiteElo "2005"]
[WhiteRD "149"]
[BlackElo "1615"]
[BlackRD "74"]
[GameID "902"]

1. c4 e5 2. g3 Nf6 3. Bg2 Bc5 4. a3 a5 5. e3 Nc6 6. Ne2 O-O 7. Nbc3 d6 8. O-O Bf5 9. d3 Qd7 10. Nd5 Nxd5
11. Bxd5 Rab8 12. Nc3 Ne7 13. Bf3 c6 14. d4 exd4 15. exd4 Bb6 16. b4 c5 17. dxc5 dxc5 18. Na4 Ba7 19. Qxd7 Bxd7 20. Nxc5 Bxc5
21. bxc5 Nc6 22. Bf4 Ra8 23. Rab1 Ra7 24. Rfe1 Be6 25. Bd5 Bf5 26. Rb6 Nd4 27. Bd6 Rc8 28. Re7 Be6 29. c6
1-0

[Event "Drop-out Tournament - R2, Game 01"]
[Site "SchemingMind.com"]
[Date "2004.04.19"]
[Round "2"]
[White "Grimwade"]
[Black "Richard W"]
[Result "1-0"]
[WhiteCountry "SWE"]
[BlackCountry "ENG"]
[WhiteElo "1965"]
[WhiteRD "140"]
[BlackElo "1620"]
[BlackRD "120"]
[GameID "1894"]

1. e4 e5 2. Nf3 Nc6 3. Bb5 a6 4. Ba4 Nf6 5. O-O d6 6. Bxc6+ bxc6 7. d4 Bg4 8. dxe5 Bxf3 9. Qxf3 dxe5 10. Bg5 Be7
11. Rd1 Qb8 12. Qc3 Qb5 13. Bxf6 Bxf6 14. Na3 Qb7 15. Nc4 O-O 16. Na5 Qc8 17. Nxc6 Qe6 18. f3 a5 19. Rd5 a4 20. Rad1 Ra6
21. Nb4 Qb6+ 22. Qc5 Qxc5+ 23. Rxc5 Rb6 24. Nd3 Rc8 25. g3 h6 26. Ra5 c5 27. Rxa4 c4 28. Nb4 c3 29. b3 Be7 30. Nd5 Bc5+
31. Kf1 Rd8 32. Rc4 Bb4 33. Nf6+ Rxf6 34. Rxd8+ Kh7 35. Rxb4 Rxf3+ 36. Ke2
1-0

[Event "Drop-out Tournament - R2, Game 02"]
[Site "SchemingMind.com"]
[Date "2004.04.16"]
[Round "2"]
[White "Richard W"]
[Black "dmichael"]
[Result "1-0"]
[WhiteCountry "ENG"]
[BlackCountry "USA"]
[WhiteElo "1688"]
[WhiteRD "105"]
[BlackElo "1945"]
[BlackRD "123"]
[GameID "1895"]

1. d4 Nf6 2. c4 e6 3. Nc3 c5 4. e3 d6 5. Nf3 b6 6. Be2 Nbd7 7. b3 Bb7 8. Bb2 Be7 9. O-O O-O 10. Qc2 cxd4
11. exd4 d5 12. Rfe1 Rc8 13. Nd2 dxc4 14. bxc4 a6 15. Nce4 Nxe4 16. Nxe4 Bb4 17. Red1 f5 18. Nd2 Qc7 19. Qb3 Bd6 20. h3 Bh2+
21. Kh1 Bf4 22. Bf3 Bxf3 23. Nxf3 Qxc4 24. Qxc4 Rxc4 25. g3 Bd6 26. Ne5 Nxe5 27. dxe5 Bc5 28. f4 Rc2 29. Bd4
1-0

[Event "Drop-out Tournament - R2, Game 03"]
[Site "SchemingMind.com"]
[Date "2004.04.16"]
[Round "2"]
[White "dmichael"]
[Black "Brian Frew"]
[Result "1-0"]
[WhiteCountry "USA"]
[BlackCountry "GBR"]
[WhiteElo "2096"]
[WhiteRD "134"]
[BlackElo "1774"]
[BlackRD "130"]
[GameID "1896"]

1. c4 Nf6 2. g3 e6 3. Bg2 c6 4. Nf3 d5 5. d4 Bb4+ 6. Nc3 O-O 7. O-O Nbd7 8. Qb3 Bd6 9. Bf4 Bxf4 10. gxf4 Qc7
11. Ne5 dxc4 12. Qxc4 Nd5 13. e3 N7b6 14. Qb3 Qe7 15. Ne4 Nd7 16. Rac1 N7f6 17. Nc5 Rb8 18. Nxc6
1-0

[Event "Drop-out Tournament - R2, Game 08"]
[Site "SchemingMind.com"]
[Date "2004.04.15"]
[Round "2"]
[White "Barry"]
[Black "Stephen"]
[Result "1-0"]
[WhiteCountry "GBR"]
[BlackCountry "ENG"]
[WhiteElo "1794"]
[WhiteRD "114"]
[BlackElo "1836"]
[BlackRD "100"]
[GameID "1897"]

1. d4 d5 2. e3 Nf6 3. Bd3 c5 4. c3 Nc6 5. Nf3 Bg4 6. Nbd2 e6 7. Qa4 Nd7 8. Bb5 Qc7 9. dxc5 Bxf3 10. Nxf3 Bxc5
11. O-O O-O 12. Nd4 Nb6 13. Qc2 Nd7 14. Bd3 Nf6 15. Nf3 Rac8 16. Bd2 Bd6 17. h3 Nb4 18. Qb1 Nxd3 19. Qxd3 a6 20. Rac1 b5
21. Rc2 Ne4 22. Rfc1 Qb6 23. b3 Rc6 24. c4 Ba3 25. cxd5 Rxc2 26. Rxc2 Nxd2 27. Qxd2 exd5 28. Qc3 Qd6 29. Nd4 h6 30. Nf5
1-0

[Event "Drop-out Tournament - R2, Game 09"]
[Site "SchemingMind.com"]
[Date "2004.04.16"]
[Round "2"]
[White "Stephen"]
[Black "Grimwade"]
[Result "1/2-1/2"]
[WhiteCountry "ENG"]
[BlackCountry "SWE"]
[WhiteElo "1836"]
[WhiteRD "100"]
[BlackElo "1965"]
[BlackRD "140"]
[GameID "1898"]

1. d4 Nf6 2. Nf3 e6 3. Bg5 h6 4. Bxf6 Qxf6 5. e4 d6 6. Nc3 Nd7 7. Qd2 a6 8. a4 Be7 9. Bd3 c5 10. d5 O-O
11. h4 Ne5 12. Nxe5 Qxe5 13. O-O-O Bd7 14. f4 Qd4 15. g4 Bxa4 16. g5 Bd7 17. gxh6 c4 18. hxg7 Rfc8 19. Be2 Qxd2+ 20. Kxd2 Kxg7
21. Rdg1+ Kh6 22. Bf3 Rg8 23. e5 Rxg1 24. Rxg1 dxe5 25. fxe5 exd5 26. Bxd5 Be6 27. Bxb7 Rb8 28. Bxa6 Rxb2 29. Rb1= Rxb1 30. Nxb1 Bxh4=
1/2-1/2